| 000 | 00731nam a2200229 i 4500 | ||
|---|---|---|---|
| 001 | 89923 | ||
| 003 | ES-MaACL | ||
| 005 | 20250828004904.0 | ||
| 007 | t| | ||
| 008 | 050117s1931 sp ||||1| spa d | ||
| 100 | 1 |
_aLay, Wilfrido A. _970763 |
|
| 245 | 1 | 0 |
_aManual de pedagogía / _cW.A. Lay ; traducción del alemán por Lorenzo Luzuriaga. |
| 250 | _a2ª ed. | ||
| 260 |
_aMadrid : _bRevista de Pedagogía, _c1931 ( _fTip. Nacional) |
||
| 300 |
_a213 p. ; _c24 cm. |
||
| 490 | 1 |
_aBiblioteca pedagógica ; _v2 |
|
| 650 | 0 | 7 |
_aPedagogía _2embne _915904 |
| 700 | 1 |
_aLuzuriaga, Lorenzo, _d1889-1959 _974917 |
|
| 830 | 0 |
_aBiblioteca pedagógica ; _v2 _9182673 |
|
| 852 |
_aES-MaACL _jB-13068 |
||
| 999 |
_c89923 _d89923 |
||